| 000 | 00369 a2200157 4500 | ||
|---|---|---|---|
| 001 | 58835 | ||
| 020 | _a9788526274204 | ||
| 040 | _cAnchieta - Pituba | ||
| 100 | _aBellucci, Beluce | ||
| 240 | 1 | 0 |
_aProjeto radix: geografia 7º ano _lpor |
| 245 | 1 | 0 | _aProjeto radix: geografia 7º ano |
| 300 | _a224 | ||
| 362 | 0 | _a2009 | |
| 650 | 4 | _aGeografia e viagens | |
| 942 | _cBK | ||
| 999 |
_c58835 _d58835 |
||